Т. 29, № 5; Известия вузов. Электроника

Библиографические подробности
Источник:Известия вузов. Электроника: научно-технический журнал/ Национальный исследовательский университет "Московский институт электронной техники". Т. 29, № 5.— .— Москва: Изд-во МИЭТ, 1995-.— 2587-9960
Примечания:Текстовый файл
Язык:русский
Опубликовано: 2024
Предметы:
Online-ссылка:https://www.elibrary.ru/contents.asp?id=72753279
Формат: Электронный ресурс Книга
Запись в KOHA:https://koha.lib.tpu.ru/cgi-bin/koha/opac-detail.pl?biblionumber=680662

MARC

LEADER 00000nam2a2200000 4500
001 680662
005 20250618151744.0
090 |a 680662 
100 |a 20250618d2024 k||y0rusy50 ca 
101 0 |a rus 
102 |a RU 
105 |a a z 001yy 
135 |a drcn uucaa 
181 0 |a i   |b  e 
182 0 |a b 
183 |a cr  |2 RDAcarrier 
200 0 |a Т. 29, № 5 
203 |a Текст  |c электронный  |b визуальный 
210 |d 2024 
283 |a online_resource  |2 RDAcarrier 
320 |a Библиография в конце статей 
336 |a Текстовый файл 
461 1 |0 578114  |9 578114  |t Известия вузов. Электроника  |o научно-технический журнал  |f Национальный исследовательский университет "Московский институт электронной техники"  |c Москва  |n Изд-во МИЭТ  |d 1995-  |x 2587-9960  |v Т. 29, № 5 
610 1 |a электронный ресурс 
801 2 |a RU  |b 63413507  |c 20250618  |g RCR 
850 |a 63413507 
856 4 0 |u https://www.elibrary.ru/contents.asp?id=72753279  |z https://www.elibrary.ru/contents.asp?id=72753279 
942 |c CF